Classical runge - kutta formulas of the fifth order withe rational coefficients for an orginary differential aquation of the fourth order

Bibliographic Details
Main Author: Štekauer, Ján (Author)
Format: Article
Language:English
PhysicalDescription:Res. rus., slov.
Subjects:

MARC

LEADER 00000nab a2200000 a 4500
001 vtls000087314
003 SK-MaSNL
005 20260318124820.0
008 111031|1980 xo ||||||| || 0 |eng
015 |a SNBRA19rr/mm-uuuuu 
035 |a CL0097417 
040 |a SNKBUCL  |b slo  |c SNKBUCL  |e AACR2 
041 0 |a eng 
044 |a xo  |c SK 
080 |a 514  |2 1981 
100 1 |a Štekauer, Ján  |4 aut  |9 1162788 
245 1 0 |a Classical runge - kutta formulas of the fifth order withe rational coefficients for an orginary differential aquation of the fourth order  |c Ján Štekauer 
300 |b Res. rus., slov. 
650 0 7 |a diferenciálne rovnice  |2 snkbucl  |9 63334 
655 7 |a články zo zborníkov  |2 snkbucl  |9 166140 
773 0 |t Acta Facultatis rerum naturalium Universitatis Comenianae. Mathematica 35  |d Bratislava : Univerzita Komenského, 1980  |g S. 43-53 
850 |a Slovenská národná knižnica v Martine  |a MTA001 
852 |a SNK  |b KIS3GCP 
958 |a RK 
992 |a RZB 
999 |c 2575273  |d 2577203